| 000 | 00769nam a2200229 a 4500 | ||
|---|---|---|---|
| 001 | 000026606 | ||
| 003 | OSt | ||
| 005 | 20210419091242.0 | ||
| 008 | 110324s1946 dr 000 0 spa d | ||
| 040 |
_aDO-SdBNP _bspa _cBNPHU |
||
| 082 |
_a539.1 _bS118a |
||
| 100 | 1 |
_aSabras Gurrea, Amos _953710 |
|
| 245 | 1 | 3 |
_aLa arquitectura del átomo / _cAmos Sabras Gurrea. |
| 260 |
_aCiudad Trujillo, República Dominicana : _bUniversidad de Santo Domingo, _c1946. |
||
| 300 |
_a32 p. ; _c24 cm. |
||
| 490 | 1 |
_aPublicaciones de Universidad de Santo Domingo, _v46 |
|
| 590 | _aInventariado, 2019/VM | ||
| 650 | 4 |
_aFísica nuclear _948024 |
|
| 830 | 0 | 0 |
_aPublicaciones de Universidad de Santo Domingo, _p46 _953711 |
| 910 | _aValidado. Control de calidad MFF | ||
| 942 |
_2ddc _cLF1 |
||
| 999 |
_c26098 _d26098 |
||